Principles of literary Criticism (Record no. 4551)
[ view plain ]
| 000 -LEADER | |
|---|---|
| fixed length control field | 00480cam a2200181ua 4500 |
| 008 - FIXED-LENGTH DATA ELEMENTS--GENERAL INFORMATION | |
| fixed length control field | 120901n xxk |||gr||||Z||||||eng |
| 020 ## - INTERNATIONAL STANDARD BOOK NUMBER | |
| International Standard Book Number | 978-0-145-25402-1 |
| 040 ## - CATALOGING SOURCE | |
| Transcribing agency | MAIN |
| 082 ## - DEWEY DECIMAL CLASSIFICATION NUMBER | |
| Classification number | 809 |
| 100 ## - MAIN ENTRY--PERSONAL NAME | |
| Personal name | Richards, I. A., |
| Relator term | |
| 245 10 - TITLE STATEMENT | |
| Title | Principles of literary Criticism |
| Statement of responsibility, etc. | by I. A. Richards |
| 250 ## - EDITION STATEMENT | |
| Edition statement | 1st. |
| 260 ## - PUBLICATION, DISTRIBUTION, ETC. | |
| Place of publication, distribution, etc. | london: |
| Name of publisher, distributor, etc. | Routledge classics, |
| Date of publication, distribution, etc. | 2003. |
| 300 ## - PHYSICAL DESCRIPTION | |
| Extent | vi:283p: |
| Dimensions | 18cm. |
| 942 ## - ADDED ENTRY ELEMENTS (KOHA) | |
| Koha item type | Books |
| 653 ## - INDEX TERM--UNCONTROLLED | |
| Uncontrolled term | History, description & criticism |
| Withdrawn status | Lost status | Damaged status | Not for loan | Home library | Current library | Shelving location | Date acquired | Total Checkouts | Full call number | Barcode | Date last seen | Date last checked out | Copy number | Price effective from | Koha item type |
|---|---|---|---|---|---|---|---|---|---|---|---|---|---|---|---|
| Central Library, Naharkatiya College | Central Library, Naharkatiya College | General Stacks | 19/09/2020 | 1 | 809 | RIC | 20156 | 30/10/2021 | 28/10/2021 | 1 | 19/09/2020 | Books |
